[Event "Challenge"]
[Site "http://www.queenalice.com/game.php?id=721074"]
[Date "2010.1.27"]
[Round "-"]
[White "extermination"]
[Black "pablonet"]
[Result "0-1"]
[WhiteElo "1653"]
[BlackElo "1813"]

1. e4 e5 2. Nf3 Nc6 3. Bb5 a6 4. Ba4 b5 5. Bb3 Nf6 6. Nc3 Bc5 7. d3 d6 8. Bg5 h6
9. Bh4 Bg4 10. h3 Bh5 11. g4 Bg6 12. Nd5 Nd4 13. Nxf6+ gxf6 14. Bd5 Rc8 15. Bc6+
Nxc6 16. Nd2 O-O 17. c3 Re8 18. Qf3 Re6 19. b4 Ba7 20. a4 Kg7 21. O-O Qd7 22.
axb5 axb5 23. Qe3 Bxe3 24. fxe3 d5 25. Nb3 dxe4 26. Nc5 Qd6 27. Nxe6+ fxe6 28.
d4 f5 29. gxf5 exf5 30. Bg3 Qe6 31. Ra6 f4 32. exf4 Qxh3 0-1

[Event "Challenge"]
[Site "http://www.queenalice.com/game.php?id=721075"]
[Date "2010.1.27"]
[Round "-"]
[White "pablonet"]
[Black "extermination"]
[Result "0-1"]
[WhiteElo "1741"]
[BlackElo "1866"]

1. e4 e5 2. Nf3 Nc6 3. Bc4 Nf6 4. Nc3 Bc5 5. d3 h6 6. Qe2 d6 7. h3 g5 8. Be3 g4
9. Nd2 Bxe3 10. Qxe3 Nd4 11. O-O-O gxh3 12. gxh3 a6 13. Nd5 b5 14. Nxf6+ Qxf6
15. Bd5 Rb8 16. Rdg1 c6 17. Bb3 Qf4 18. Qxf4 Ne2+ 19. Kb1 Nxf4 20. Rg7 a5 21. a3
a4 22. Ba2 Be6 23. h4 b4 24. Rhg1 bxa3 25. Rg8+ Ke7 26. Rxh8 Rxb2+ 0-1

[Event "Challenge"]
[Site "http://www.queenalice.com/game.php?id=721076"]
[Date "2010.1.27"]
[Round "-"]
[White "pablonet"]
[Black "extermination"]
[Result "1-0"]
[WhiteElo "1840"]
[BlackElo "1626"]

1. e4 e5 2. Nf3 Nc6 3. Bb5 a6 4. Bxc6 dxc6 5. d4 Bg4 6. Be3 exd4 7. Qxd4 Qxd4 8.
Nxd4 Bc5 9. f3 Bh5 10. Nc3 Ne7 11. O-O-O b5 12. a3 Rd8 13. Rhe1 O-O 14. Nf5
Rxd1+ 15. Nxd1 Bxe3+ 16. Ndxe3 Nxf5 17. Nxf5 c5 18. Ne7+ Kh8 19. Rd1 c4 20. Rd7
c5 21. Rd5 Re8 22. Rxc5 h6 23. Rc8 Rxc8 24. Nxc8 Kg8 25. Kd2 Kf8 26. Nd6 Bg6 27.
b3 Ke7 28. Nb7 f5 29. exf5 cxb3 30. cxb3 Bxf5 31. Nc5 1-0

[Event "Challenge"]
[Site "http://www.queenalice.com/game.php?id=721077"]
[Date "2010.1.27"]
[Round "-"]
[White "pablonet"]
[Black "extermination"]
[Result "1-0"]
[WhiteElo "1668"]
[BlackElo "1846"]

1. e4 e5 2. d4 exd4 3. Qxd4 Nc6 4. Qa4 Qf6 5. Nf3 Bc5 6. Bd3 d6 7. Bg5 Qxb2 8.
Qb3 Qxa1 9. O-O g6 10. Nc3 Qxf1+ 11. Kxf1 Nd4 12. Nxd4 Bxd4 13. Nb5 Bb6 14. Qc3
f6 15. Bxf6 Nxf6 16. Qxf6 Rf8 17. Qg7 Bxf2 18. Nxc7+ 1-0

[Event "Challenge"]
[Site "http://www.queenalice.com/game.php?id=721078"]
[Date "2010.1.27"]
[Round "-"]
[White "pablonet"]
[Black "extermination"]
[Result "0-1"]
[WhiteElo "1730"]
[BlackElo "1919"]

1. e4 e5 2. Nf3 Nc6 3. Bc4 Nf6 4. Nc3 Bb4 5. a3 Ba5 6. Ng5 O-O 7. d3 d6 8. h3 h6
9. Nxf7 Rxf7 10. Bxf7+ Kxf7 11. Bd2 Nd4 12. Ne2 Bxd2+ 13. Qxd2 Nxe2 14. Qxe2 d5
15. f4 exf4 16. e5 Nh7 17. O-O-O Qg5 18. Rhf1 Ke6 19. d4 Bd7 20. Qd2 Rf8 21. Kb1
f3 22. gxf3 Qxd2 23. Rxd2 Bb5 24. Rff2 Ng5 25. h4 Nxf3 26. Rd1 Rf7 27. a4 Ba6
28. b4 Bc4 29. Kb2 Nxe5 30. Rxf7 Nxf7 31. Re1+ Kf6 32. h5 Ng5 33. Rf1+ Bxf1 0-1

[Event "Challenge"]
[Site "http://www.queenalice.com/game.php?id=721079"]
[Date "2010.1.27"]
[Round "-"]
[White "pablonet"]
[Black "extermination"]
[Result "0-1"]
[WhiteElo "1722"]
[BlackElo "1927"]

1. e4 e5 2. Nf3 Nc6 3. Bb5 a6 4. Ba4 Nf6 5. Nc3 Bb4 6. d3 O-O 7. Bg5 h6 8. Bh4
g5 9. Bg3 d6 10. Nd2 b5 11. Bb3 Nd4 12. O-O Bg4 13. f3 Bd7 14. Nd5 Nxb3 15. Nxb3
c6 16. Nxb4 Nh5 17. Qe1 a5 18. d4 axb4 19. dxe5 Nxg3 20. Qxg3 dxe5 21. Rad1 Qe7
22. Nc5 Qxc5+ 23. Qf2 Qxf2+ 24. Rxf2 Be6 25. Rd6 Rfc8 26. Rfd2 Rxa2 27. b3 c5
28. Rb6 Kg7 29. Rbd6 c4 30. bxc4 Rxc4 31. Kf2 Rcxc2 32. Ke3 Rxd2 33. Rxd2 Rxd2
34. Kxd2 b3 0-1

[Event "total"]
[Site "http://www.queenalice.com/game.php?id=721768"]
[Date "2010.1.28"]
[Round "-"]
[White "extermination"]
[Black "Urko"]
[Result "0-1"]
[WhiteElo "1600"]
[BlackElo "1687"]

1. e4 a6 2. Bc4 e5 3. Qh5 Qe7 4. Nf3 d6 5. d3 g6 6. Qg5 Nf6 7. Nc3 h6 8. Qh4 g5
9. Nxg5 Be6 10. Nxe6 fxe6 11. Be3 b5 12. Bb3 Nbd7 13. d4 c5 14. dxc5 dxc5 15. a3
c4 16. Ba2 O-O-O 17. b3 Qxa3 18. O-O Bb4 19. Bb6 Bxc3 0-1

[Event "Challenge"]
[Site "http://www.queenalice.com/game.php?id=726233"]
[Date "2010.2.5"]
[Round "-"]
[White "extermination"]
[Black "solo"]
[Result "0-1"]
[WhiteElo "1776"]
[BlackElo "1745"]

1. e4 e5 2. Nf3 d6 3. Nc3 c6 4. Bc4 Bg4 5. h3 Bxf3 6. Qxf3 Qf6 7. Qxf6 Nxf6 8.
d3 h6 9. Bb3 Nbd7 10. Bd2 Nc5 11. Be3 Nxb3 12. cxb3 Be7 13. O-O O-O 14. d4 exd4
15. Bxd4 b6 16. Rfe1 Rfe8 17. e5 dxe5 18. Bxe5 Nh5 19. Rad1 f6 20. Bh2 g5 21.
Rd7 a6 22. Rdxe7 Rxe7 23. Rxe7 b5 24. Rc7 b4 25. Na4 Re8 26. g3 Re6 27. Nc5 Re2
28. Nxa6 Rxb2 29. Nxb4 Ng7 30. Rxc6 Kf7 31. g4 Ne6 32. Bd6 Nd4 33. Rc7+ Ke8 34.
Nd5 Rxa2 35. Nxf6+ Kd8 36. Rd7+ Kc8 37. b4 Nb5 38. Bc5 Ra6 39. Ng8 Kxd7 40. Nxh6
Rxh6 41. Kg2 Rf6 42. Kg3 Nc3 0-1

[Event "Challenge"]
[Site "http://www.queenalice.com/game.php?id=727203"]
[Date "2010.2.6"]
[Round "-"]
[White "filomenos"]
[Black "extermination"]
[Result "1-0"]
[WhiteElo "1838"]
[BlackElo "1759"]

1. d4 d5 2. g3 Nc6 3. Bg2 Nf6 4. Nf3 Bg4 5. O-O e6 6. Bg5 Be7 7. c3 Qd7 8. Nbd2
h6 9. Bxf6 Bxf6 10. Re1 Ne7 11. Qb3 Rb8 12. e4 dxe4 13. Nxe4 Bxf3 14. Bxf3 e5
15. dxe5 Bxe5 16. Rad1 Qe6 17. Qxe6 fxe6 18. Nc5 Nc6 19. Nxe6 Kf7 20. Nc5 Bf6
21. Bxc6 bxc6 22. Rd2 g5 23. Rd7+ Kg6 24. Nd3 Rbd8 25. Nc5 Rxd7 26. Nxd7 Rd8 27.
Nxf6 Kxf6 28. Kg2 Rd2 29. Rb1 Kf5 30. a4 Ke4 31. Re1+ Kd3 32. Re6 Rxb2 33. Rxc6
Ra2 34. Rxc7 1-0

[Event "Challenge"]
[Site "http://www.queenalice.com/game.php?id=730341"]
[Date "2010.2.11"]
[Round "-"]
[White "extermination"]
[Black "Meirebel"]
[Result "0-1"]
[WhiteElo "1812"]
[BlackElo "2399"]

1. e4 e5 2. Nf3 Nf6 3. Nc3 Nc6 4. Bb5 Nd4 5. d3 Nxb5 6. Nxb5 c6 7. Nc3 d5 8.
exd5 cxd5 9. O-O d4 10. Ne4 Nxe4 11. dxe4 Bd6 12. Qd3 Qc7 13. Bd2 Be6 14. Ng5
Bc4 15. Qf3 f6 0-1

[Event "Challenge"]
[Site "http://www.queenalice.com/game.php?id=730342"]
[Date "2010.2.11"]
[Round "-"]
[White "Meirebel"]
[Black "extermination"]
[Result "1-0"]
[WhiteElo "2400"]
[BlackElo "1795"]

1. d4 d5 2. c4 e6 3. Nc3 Nf6 4. Nf3 Nc6 5. e3 Bb4 6. Bd3 dxc4 7. Bxc4 Ne4 8. Qc2
Nxc3 9. bxc3 Ba5 10. O-O O-O 11. Bd3 g6 12. e4 f5 13. Bg5 Qe8 14. Rae1 e5 15.
Qb3+ Kh8 16. d5 Nd4 17. cxd4 1-0

[Event "Challenge"]
[Site "http://www.queenalice.com/game.php?id=732013"]
[Date "2010.2.14"]
[Round "-"]
[White "extermination"]
[Black "OpendemO"]
[Result "0-1"]
[WhiteElo "1746"]
[BlackElo "2038"]

1. e4 c5 2. Nf3 d6 3. d4 cxd4 4. Qxd4 Nc6 5. Qa4 Bd7 6. Bb5 Qa5+ 7. Qxa5 Nxa5 8.
Nc3 Nf6 9. Bg5 a6 10. Bxf6 axb5 11. Bh4 e6 12. O-O-O b4 13. Ne2 Nc4 14. Rd4 Rxa2
15. Kb1 Rxb2+ 16. Kc1 Bb5 17. Rxc4 Bxc4 18. Kxb2 Bxe2 19. Kb3 b5 20. Nd4 Bc4+
21. Kb2 d5 22. exd5 exd5 23. Re1+ Kd7 24. Bg3 Bc5 0-1

[Event "Challenge"]
[Site "http://www.queenalice.com/game.php?id=733220"]
[Date "2010.2.17"]
[Round "-"]
[White "AlmeidaChess"]
[Black "extermination"]
[Result "0-1"]
[WhiteElo "1753"]
[BlackElo "1877"]

1. e4 e5 2. Nf3 Nc6 3. Bb5 a6 4. Ba4 Nf6 5. O-O b5 6. Bb3 d6 7. c3 Nxe4 8. d4
Bg4 9. h3 Bh5 10. g4 Bg6 11. Re1 Be7 12. dxe5 Nxe5 13. Nxe5 dxe5 14. Qxd8+ Rxd8
15. f3 Nc5 16. Nd2 Nd3 17. Re2 Bg5 18. Bc2 Nxc1 19. Ne4 Nxe2+ 0-1